书目信息 |
| 题名: |
国际经济合作
|
|
| 作者: | 卢进勇 , 杜奇华 编著 | |
| 分册: | ||
| 出版信息: | 北京 对外经济贸易大学出版社 2013.9 |
|
| 页数: | 312页 | |
| 开本: | 26cm | |
| 丛书名: | ||
| 单 册: | ||
| 中图分类: | F114.4 | |
| 科图分类: | ||
| 主题词: | 国际合作--经济合作--教材 , 国际合作 , 经济合作 | |
| 电子资源: | ||
| ISBN: | 978-7-5663-0805-4 | |
| 000 | 01061nam0 22003011 450 | |
| 001 | 524 | |
| 005 | 20140908151347.64 | |
| 010 | @a978-7-5663-0805-4@dCNY38.00 | |
| 100 | @a20131128d2013 em y0chiy50 ea | |
| 101 | 0 | @achi |
| 102 | @aCN@b110000 | |
| 105 | @ay z 000yy | |
| 106 | @ar | |
| 200 | 1 | @a国际经济合作@AGuo Ji Jing Ji He Zuo@dInternational economic cooperation@f卢进勇,杜奇华著@FLu Jin Yong, Du Qi Hua Zhu@zeng |
| 205 | @a2版 | |
| 210 | @a北京@c对外经济贸易大学出版社@d2013.9 | |
| 215 | @a312页@d26cm | |
| 300 | @a经贸名家经典规划教材 | |
| 330 | @a本书共13章,包括国际经济合作概述、国际直接投资、中国利用外商直接投资、中国对外直接投资、国际间接投资、国际证券投资市场、国际工程承包与劳务合作等。 | |
| 510 | 1 | @aInternational economic cooperation@zeng |
| 606 | 0 | @a国际合作@x经济合作@j教材 |
| 606 | 0 | @a国际合作 |
| 606 | 0 | @a经济合作 |
| 690 | @aF114.4@v5 | |
| 701 | 0 | @a卢进勇@ALu Jin Yong@f(1957~)@4编著 |
| 701 | 0 | @a杜奇华@ADu Qi Hua@f(1959~)@4编著 |
| 801 | 0 | @aCN@bTANGWEI@c20140603 |
| 905 | @b0836295-97@dF114.4@e164=2@f3 | |
| 国际经济合作=International economic cooperation/卢进勇,杜奇华著.-2版.-北京:对外经济贸易大学出版社,2013.9 |
| 312页;26cm |
| 经贸名家经典规划教材 |
| ISBN 978-7-5663-0805-4:CNY38.00 |
| 本书共13章,包括国际经济合作概述、国际直接投资、中国利用外商直接投资、中国对外直接投资、国际间接投资、国际证券投资市场、国际工程承包与劳务合作等。 |
| ● |
| 相关链接 |
|
|
|
|
正题名:国际经济合作
索取号:F114.4/164=2
 
预约/预借
| 序号 | 登录号 | 条形码 | 馆藏地/架位号 | 状态 | 备注 |
| 1 | 0836295 | 208362957 | 第一样本阅览室/ [索取号:F114.4/164=2] | 在馆 | |
| 2 | 0836296 | 208362966 | 密集书库-海洋学院/ [索取号:F114.4/164=2] | 在馆 | |
| 3 | 0836297 | 208362975 | 第一借阅区/ [索取号:F114.4/164=2] | 在馆 |